000 00419nam a2200145 a 4500
001 000032747
005 20200930065817.0
008 110726s1989 dr 000 0 spa d
040 _aDO-SdBNP
_bspa
_cBNPHU
082 _axxx
_bL782
245 0 0 _aLiturgia del primer grado del rito escoces antiguo y aceptado aprendiz Mason.
260 _aSanto Domingo :
_bLawrence,
_c1989.
300 _a61 p. ;
_c20 cm.
049 _aBNPD
999 _c32238
_d32238